Statistics for Finishing Order of Premier League 2011/2012

Click here to take the quiz!

General Stats

  • This quiz has been taken 4,885 times
    (4,878 since last reset)
  • The average score is 13 of 20

Answer Stats

HintAnswer% Correct
2Manchester United
100%
1Manchester City
100%
3Arsenal
99%
4Tottenham Hotspur
97%
6Chelsea
86%
7Everton
82%
8Liverpool
81%
5Newcastle United
79%
9Fulham
55%
13Sunderland
50%
10West Bromwich Albion
50%
14Stoke City
49%
11Swansea
49%
16Aston Villa
47%
17Queens Park Rangers
47%
15Wigan Athletic
43%
18Bolton Wanderers
43%
12Norwich
42%
19Blackburn Rovers
41%
20Wolverhampton Wanderers
41%

Score Distribution

Percentile by Number Answered

Percent of People with Each Score

Your Score History

You have not taken this quiz since the last reset